A GAME OF HIDE AND SEEK (Record no. 22494)

MARC details
000 -LEADER
fixed length control field 00400nam a22001697a 4500
003 - CONTROL NUMBER IDENTIFIER
control field OSt
005 - DATE AND TIME OF LATEST TRANSACTION
control field 20211214105503.0
008 - FIXED-LENGTH DATA ELEMENTS--GENERAL INFORMATION
fixed length control field 211214b |||||||| |||| 00| 0 eng d
020 ## - INTERNATIONAL STANDARD BOOK NUMBER
International Standard Book Number 9781590174968
040 ## - CATALOGING SOURCE
Transcribing agency HU
082 ## - DEWEY DECIMAL CLASSIFICATION NUMBER
Classification number 823.914/TAY
100 ## - MAIN ENTRY--PERSONAL NAME
Personal name ELIZABETH TAYLOR
9 (RLIN) 22901
245 ## - TITLE STATEMENT
Title A GAME OF HIDE AND SEEK
260 ## - PUBLICATION, DISTRIBUTION, ETC.
Place of publication, distribution, etc. NEW YORK
Name of publisher, distributor, etc. NYRB
Date of publication, distribution, etc. 1951
300 ## - PHYSICAL DESCRIPTION
Extent 306P
942 ## - ADDED ENTRY ELEMENTS (KOHA)
Source of classification or shelving scheme Dewey Decimal Classification
Koha item type Books like text book referance book
Suppress in OPAC No
Holdings
Withdrawn status Lost status Source of classification or shelving scheme Damaged status Not for loan Home library Current library Shelving location Date acquired Total Checkouts Full call number Barcode Date last seen Copy number Price effective from Koha item type
    Dewey Decimal Classification     Social Library Social Library General Stacks 12/14/2021   823.914/TAY SHLIB00012672 12/14/2021 1 12/14/2021 Books like text book referance book
    Dewey Decimal Classification     Social Library Social Library General Stacks 12/14/2021   891.733/TOL SHLIB00012666 12/14/2021 2 12/14/2021 Books like text book referance book